LEADER 01143cam2 22003133 450 001 SOBE00084213 005 20250731104102.0 010 $a8481092045 100 $a20250731d2000 |||||ita|0103 ba 101 $aspa 102 $aES 200 1 $a<<2: >>Excursiones/Incursiones$eDominio extranjero$aFundación y disidencia$e Dominio hispánico$fOctavio Paz 205 $aEd. del autor 210 $aBarcelona$cGalaxia Gutenberg$cCírculo de Lectores$d2000 215 $a1279 p.$d21 cm 225 2 $aOpera mundi 410 1$1001LAEC00018257$12001 $a*Opera mundi 461 1$1001SOBE00084212$12001 $aObras completas. Edición del Autor / Octavio Paz$v2 500 10$aExcursiones / Incursiones$3SOBA00035189$91122994 700 1$aPaz$b, Octavio <1914-1998>$3AF00011551$4070$0152695 801 0$aIT$bUNISOB$c20250731$gRICA 850 $aUNISOB 852 $aUNISOB$j860$m112208 912 $aSOBE00084213 940 $aM 102 Monografia moderna SBN 941 $aM 957 $a860$b000387$i-2$gSI$d112208$racquisto$tN$1bethb$2UNISOB$3UNISOB$420250731101555.0$520250731101631.0$6bethb 996 $aExcursiones$91122994 997 $aUNISOB